| 000 | 00904nam1a22002531 4500 | ||
|---|---|---|---|
| 001 | rc\4074191 | ||
| 005 | 20130415153402.3 | ||
| 035 | _a(NLR Aleph) 007966414 | ||
| 090 |
_a8431924 _c8431924 |
||
| 100 | _a20130415d1951 |||y0rusy50 ca | ||
| 101 | 0 | _arus | |
| 102 | _aRU | ||
| 105 | _a z ||||| | ||
| 200 | 1 |
_aПолное собрание сочинений _fПод общ. ред. Ю. Данилина и П. Лебедева-Полянского _gВступ. статья Ю. Данилина, [с. 3-49]. Т. 1- |
|
| 210 |
_aМосква _cГослитиздат _d1951 |
||
| 215 | _d20 | ||
| 700 | 1 |
_aМопассан _bГ. де _gГи де |
|
| 702 | 1 |
_aЛебедев-Полянский _bП. _4340 |
|
| 702 | 1 |
_aДанилин _bЮ. И. _gЮрий Иванович _4340 _4080 |
|
| 801 | 0 |
_aRU _bNLR _gpsbo |
|
| 801 | 1 |
_aRU _bELAR _2rusmarc |
|
| 852 |
_aNLR _jЛ60 Г-3/252 |
||
| 942 | _cBOOK | ||
| 980 | _aNB | ||